les pokemon les plus grands (facile) - Statistiques

Statistiques générales
  • Ce quiz a été pris 36 fois
  • Le résultat moyen est 51 sur 226
Statistiques - réponses
taille type pokemon % Correct
4.5m eau kyogre
71%
6.5m eau vol leviator
71%
3.5m sol groudon
67%
7.0m dragon vol rayquaza
63%
4.0m dragon draco
58%
8.8m roche sol onix
54%
2.2m dragon vol dracolosse
50%
2.0m psy mewtwo
50%
4.2m dragon eau palkia
50%
6.3m dragon eau palkia originelle
50%
2.1m normal ronflex
50%
14.5m eau wailord
50%
3.2m normal arceus
46%
5.4m dragon acier dialga
46%
6.9m dragon acier dialga originelle
46%
3.2m dragon feu reshiram
46%
9.2m acier sol steelix
46%
2.0m eau wailmer
46%
5.2m vol psy lugia
42%
3.7m normal regigigas
42%
2.9m dragon electrique zekrom
42%
5.0m dragon sol zygarde
42%
4.5m dragon sol zygarde parfaite
42%
20.0m dragon poison ethernatos
38%
100.0m dragon poison ethernatos infinimax
38%
4.5m dragon spectre giratina alternative
38%
6.9m dragon spectre giratina originelle
38%
3.0m dragon glace kyurem
38%
3.6m dragon glace kyurem blanc
38%
3.3m dragon glace kyurem noir
38%
2.0m plante psy noadkoko
38%
10.9m plante dragon noadkoko d'alola
38%
1.9m acier registeel
38%
2.0m feu vol sulfura
38%
2.0m tenebre vol sulfura de galar
38%
5.8m tenebre vol yveltal
38%
3.5m poison arbok
33%
2.1m roche acier galeking
33%
2.0m dragon psy latios
33%
2.5m eau glace lokhlass
33%
4.0m psy spectre lunala
33%
1.8m roche vol ptera
33%
1.8m glace regice
33%
2.0m tenebre roche tyranocif
33%
3.0m fée xerneas
33%
2.2m plante glace blizzaroi
29%
1.9m dragon sol carchacrok
29%
3.0m normal dragon draieul
29%
5.5m dragon tenebre engloutyran
29%
3.8m vol feu ho-oh
29%
2.0m dragon sol libegon
29%
2.5m glace sol mammochon
29%
2.2m roche acier mega galeking
29%
1.8m plante meganium
29%
10.5m acier sol mega steelix
29%
2.5m tenebre roche mega tyranocif
29%
5.0m sol feu primo groudon
29%
3.4m psy acier solgaleo
29%
2.2m plante sol torterra
29%
1.9m feu arcanin
25%
2.0m feu roche arcanin de hisui
25%
9.2m acier vol bamboiselle
25%
1.9m feu combat brasegali
25%
2.1m combat acier cobaltium
25%
1.8m electrique elekable
25%
2.0m plante poison florizarre
25%
2.2m sol combat fort-ivoire
25%
2.8m spectre sol golemastoc
25%
3.0m dragon spectre lanssorien
25%
1.8m dragon psy mega latias
25%
2.3m dragon psy mega latios
25%
2.4m psy necrozma
25%
4.2m psy spectre necrozma aurore
25%
3.8m psy acier necrozma couchant
25%
9.8m eau primo kyogre
25%
2.4m roche sol rhinastoc
25%
2.0m glace seracrawl
25%
2.0m eau suicune
25%
1.9m combat roche terrakium
25%
7.5m psy dragon ultra necrozma
25%
1.8m normal ursaring
25%
2.0m combat plante viridium
25%
2.3m eau aligatueur
21%
5.5m roche acier ama-ama
21%
3.8m electrique cablifere
21%
1.8m insecte combat cancrelove
21%
2.2m vol acier corvaillus
21%
2.7m roche glace dragmara
21%
2.1m feu entei
21%
3.2m normal psy farigiraf
21%
2.5m acier ferdeter
21%
2.3m electrique glace galvagla
21%
1.8m electrique dragon galvagon
21%
2.1m plante gorythmic
21%
2.0m eau glace hydragla
21%
2.3m eau dragon hydragon
21%
1.8m eau dragon hyporoi
21%
2.2m normal kangourex
21%
3.3m plante majaspic
21%
3.6m dragon poison mandrillon
21%
2.7m plante glace mega blizzaroi
21%
2.0m insecte acier mega cizayox
21%
1.8m dragon vol mega drattak
21%
2.3m plante poison mega florizarre
21%
1.9m plante dragon mega jungko
21%
1.9m eau sol mega laggron
21%
6.5m eau tenebre mega leviator
21%
2.5m acier psy mega metalosse
21%
2.3m psy combat mega mewtwo x
21%
10.8m dragon vol mega rayquaza
21%
6.2m eau milobellus
21%
2.0m normal monaflemit
21%
2.8m feu roche monthracite
21%
2.4m insecte combat mouscoto
21%
2.0m dragon muplodocus
21%
2.2m spectre noctunoir
21%
12m eau oyacata
21%
1.9m electrique raikou
21%
2.0m tenebre acier scalpereur
21%
2.7m poison seviper
21%
1.8m dragon tenebre trioxhydre
21%
2.0m plante vol tropius
21%
2.0m poison abo
17%
2.2m glace blizzeval
17%
2.0m dragon feu boumata
17%
1.8m normal psy cerbyllin
17%
1.8m insecte acier cizayox
17%
2.1m eau vol demanta
17%
2.7m tenebre sol dinglu
17%
3.8m sol dunaconda
17%
1.8m acier dragon duralugon
17%
8.2m eau froussardine banc
17%
2.1m dragon glace glaivodo
17%
2.5m combat dragon koraidon
17%
1.8m dragon poison kravarech
17%
1.9m feu combat mega brasegali
17%
2.5m sol feu mega camerupt
17%
1.9m dragon sol mega carchacrok
17%
2.1m roche vol mega ptera
17%
2.2m normal vol mega roucarnage
17%
2.5m eau tenebre mega sharpedo
17%
3.5m electrique dragon miraidon
17%
2.2m eau spectre moyade
17%
1.8m eau fée oratoria
17%
2.1m combat tenebre pandarbare
17%
3.0m eau spectre paragruel
17%
1.8m combat electrique paume-de-fer
17%
2.6m glace polagriffe
17%
2.1m dragon regidrago
17%
2.5m roche dragon rexillius
17%
1.9m roche sol rhinoferos
17%
2.0m eau psy roigada
17%
1.8m poison psy roigada de galar
17%
2.0m dragon tenebre rugit-lune
17%
3.0m feu insect scolocendre
17%
2.0m sol vol scorvol
17%
3.5m eau dragon serpente-eau
17%
1.9m combat eau shifours mille poings
17%
1.9m combat tenebre shifours poing final
17%
3.0m poison fée smogogo de galar
17%
2.0m spectre spectreval
17%
1.8m eau superdofin heros
17%
1.8m dragon tranchodon
17%
2.4m sol normal ursaking
17%
1.8m acier poison vrombotor
17%
2.8m fée zacian
17%
2.9m combat zamazenta
17%
1.8m plante tenebre zarude
17%
4.5m glace balbaleze
13%
1.9m tenebre glace baojian
13%
2.0m plante bouldeneu
13%
2.5m insecte poison brutapode
13%
1.9m feu sol camerupt
13%
2.1m normal combat chelours
13%
2.2m sol dunaja
13%
1.8m feu tenebre felinferno
13%
1.8m normal fouinar
13%
2.3m roche gigansel
13%
3.0m combat hexadron
13%
2.0m sol hippodocus
13%
6.5m psy tenebre hoopa dechaine
13%
1.9m eau lezargus
13%
1.8m electrique mega elecsprint
13%
2.0m eau psy mega flagadoss
13%
2.5m acier melmetal
13%
1.9m poison miasmax
13%
1.8m poison vol nostenfer
13%
2.1m electrique ohmassacre
13%
1.8m eau combat palmaval
13%
2.3m electrique sol pelage-sablé
13%
1.8m feu spectre pierroteknik
13%
2.0m eau insecte sarmurai
13%
1.8m eau tenebre sharpedo
13%
3.9m spectre plante sinistrail
13%
2.4m psy spectre sylveroy cavalier de l'effroi
13%
2.4m psy glace sylveroy cavalier du froid
13%
1.9m sol plante terracruel
13%
1.8m fée electrique tokorico
13%
1.9m fée plante tokotoro
13%
1.8m glace bekaglacon
8%
2.5m sol bourrinos
8%
1.9m psy cleopsytra
8%
3.6m normal deusolourdo
8%
1.8m normal vol dodrio
8%
3.0m electrique vol fulguris totemique
8%
1.8m insecte roche hachécateur
8%
2.3m combat hariyama
8%
1.9m normal plante haydaim
8%
1.9m feu tenebre mega demolosse
8%
2.2m normal mega kangourex
8%
2.1m glace mega oniglali
8%
1.8m dragon minidraco
8%
3.0m acier pachyradjah
8%
3.2m insect combat rampe-ailes
8%
1.8m eau rosabyss
8%
2.3m normal silvallie
8%
2.1m fée psy sorcilence
8%
1.8m eau insecte tarenbulle
8%
1.8m poison sol terraiste
8%
2.0m spectre tomberro
8%
1.9m normal type 0
8%
1.9m insecte vol yanmega
8%
2.5m eau psy delestin
4%
2.5m roche dolman
4%
2.0m combat quartermac
4%
2.5m tenebre poison qwilpik
4%
Aucun quiz correspondant
Distribution des résultats
% des personnes avec chaque résultat
Percentile par nombre de réponses
Votre historique - résultats
Vous n’avez pas pris ce quiz